000 00420nam a2200133Ia 4500
008 230920s9999||||xx |||||||||||||| ||und||
020 _a9780128147962
100 _aZhao, Qidong
245 0 _aAdvanced Nanomaterials for Pollutant Sensing and Environmental Catalysis
260 _c2019
_bElsevier
650 _aMaterials Science 2019
856 _uhttps://www.sciencedirect.com/science/book/9780128147962
942 _cEB
999 _c316126
_d316126